000
00209 a2200097 4500
001
2120
100
_a
Andrews, E S
245
_a
Theory and design of structures
260
_a
_b
Chapman
_c
090
_c
1563
_d
1563
942
_a
NUST-CAE
_c
M
_c
6258
999
_c
237193
_d
237193